| 000 | 00796nam a2200241 u 4500 | ||
|---|---|---|---|
| 005 | 20240924071223.0 | ||
| 008 | 071009s2006 mx r 000 0 spa d | ||
| 020 | _a8426135641 (10 dígitos) | ||
| 020 | _a9788426135643 (13 dígitos) | ||
| 035 | _aUPN01000152725 | ||
| 049 | _aI | ||
| 050 | 4 |
_aPZ71 _bT3.3 |
|
| 100 | 1 | _aTaylor, Sean | |
| 245 | 1 | 0 |
_aCuando nace un monstruo / _cSean Taylor, Nick Sharratt ; tr. María Lucchetti. |
| 260 |
_aBarcelona, Esp. : _bJuventud, _c2006. |
||
| 300 |
_a[28] p. : _bprincipalmente il. col. |
||
| 534 |
_pTítulo original: _tWhen a monster is born |
||
| 650 | 4 |
_aLiteratura infantil _94445 |
|
| 650 | 4 |
_aLibros y lectura para niños _92290 |
|
| 650 | 4 |
_aMonstruos _vLiteratura infantil _94410 |
|
| 700 | 1 |
_aSharrat, Nick, _ecoaut. |
|
| 905 | _aInfantil | ||
| 999 |
_c124848 _d124848 |
||